Grammar for English language Teachers : With exercises and a key

Đã lưu trong:
Bibliografiske detaljer
Hovedforfatter: MARTIN PARROTT
Format: Bog
Sprog:Undetermined
Udgivet: Cambridge, UK. Cambridge Univ. Press 2000
Fag:
Tags: Tilføj Tag
Ingen Tags, Vær først til at tagge denne postø!
Thư viện lưu trữ: Trung tâm Học liệu Trường Đại học Cần Thơ
LEADER 00515nam a2200181Ia 4500
001 CTU_49283
008 210402s9999 xx 000 0 und d
082 |a 425 
082 |b P263 
100 |a MARTIN PARROTT 
245 0 |a Grammar for English language Teachers : With exercises and a key 
245 0 |c MARTIN PARROTT 
260 |a Cambridge, UK. 
260 |b Cambridge Univ. Press 
260 |c 2000 
650 |a english language 
650 |x grammar 
980 |a Trung tâm Học liệu Trường Đại học Cần Thơ